00653nam a2200229Ia 4500003000400000005001700004008004100021040000700062041001200069082001600081100002500097245001100122260004200133300001200175365000800187650002800195650003900223906001100262942001200273999001900285952011900304OSt20251025153332.0210423s1983 xx 000 0 und d cAL aEnglish a361.1bDOGH aBharat Dogra9118228 aHunger aIndiabBharat Law House Pvt Ltdc1983 a176bPB cINR aSocial Problems9118229 aSocial Problems & Services9118230 aHunger 2ddccBK c174701d174701 001040708MSWaSACPGbSACPGd2021-04-26l1o361.1DOGHpPG021388r2022-08-24 00:00:00s2022-03-23w2021-04-26yBK